|
|
|
|
| LEADER |
01094nam a2200265 a 4500 |
| 001 |
GR-MES10641 |
| 008 |
060911s nyu b 001 0 gre d |
| 020 |
|
|
|a 0471492787
|
| 040 |
|
|
|a GrPaTEI
|b gre
|c GR-PaULI
|
| 040 |
|
|
|a GrPaTEI
|b gre
|c GR-PaULI
|
| 082 |
|
0 |
|a 004.019
|2 21
|
| 100 |
1 |
|
|a Preece, Jennifer
|
| 245 |
1 |
0 |
|a Interaction design :
|b Beyond human-computer interaction /
|c Preece Jennifer / Yvonne Rogers / Helen Sharp.
|
| 260 |
|
|
|a New York :
|b John Wiley & sons,
|c c2002
|
| 300 |
|
|
|a xxiii
|a 519σ. :
|b εικ. ;
|c 24εκ.
|
| 504 |
|
|
|a Περιλαμβάνει βιβλιογραφίες και ευρετήριο.
|
| 650 |
|
0 |
|a Human-computer interaction
|
| 650 |
|
4 |
|a Ηλεκτρονικοί Υπολογιστές
|
| 650 |
1 |
0 |
|a web sites
|x Design
|
| 700 |
1 |
|
|a Rogers, Yvonne
|
| 700 |
1 |
|
|a Sharp, Helen
|
| 942 |
|
|
|2 ddc
|
| 952 |
|
|
|0 0
|1 0
|2 ddc
|4 0
|6 004_019000000000000_PRE
|7 0
|9 269978
|a MSLG
|b MSLG
|c BSC
|d 2021-01-17
|e 24
|f 0
|g 0.00
|l 0
|o 004.019 PRE
|p 2420000020456
|r 2021-01-17 00:00:00
|t 1
|w 2021-01-17
|y BK15
|x 20060911 0 1
|x GrPaTEI
|
| 971 |
|
|
|a .b25766880
|b 01-10-20
|c 13-09-16
|
| 999 |
|
|
|c 155878
|d 155878
|